Municípios da Região Metropolitana do Vale do Itajaí (SC) no mapa - Statistics

Estatísticas Gerais
  • Esse quiz foi jogado 77 vezes
  • A pontuação média é 9 de 16
Respostas no mapa
Respostas codificadas por cores de uma escala verde-vermelha no mapa do quiz de acordo com a % correta abaixo.
 
Estatísticas das Respostas
Município % Correto
Blumenau
97%
Brusque
82%
Pomerode
73%
Gaspar
72%
Indaial
70%
Timbó
63%
Ilhota
62%
Ascurra
50%
Rodeio
48%
Doutor Pedrinho
45%
Luiz Alves
45%
Apiúna
43%
Benedito Novo
43%
Botuverá
43%
Rio dos Cedros
43%
Guabiruba
42%
Nenhum quiz correspondente encontrado
Distribuição das Pontuações
Porcentagem de Pessoas com Cada Pontuação
Percentil de Números Respondidos
Sua Pontuação Histórica
Você não jogou esse quiz